Migrantes = (Record no. 9102)
[ view plain ]
| 000 -LEADER | |
|---|---|
| fixed length control field | 00798nam a22002177a 4500 |
| 008 - FIXED-LENGTH DATA ELEMENTS--GENERAL INFORMATION | |
| fixed length control field | 230911b ag a||||||||| 00| 0 spa d |
| 020 ## - INTERNATIONAL STANDARD BOOK NUMBER | |
| International Standard Book Number | 9789872908003 (versión impresa) |
| 040 ## - CATALOGING SOURCE | |
| Original cataloging agency | AR-FvUNAJ |
| Modifying agency | AR-FvUNAJ |
| 082 14 - DEWEY DECIMAL CLASSIFICATION NUMBER | |
| Edition number | 14 |
| Classification number | 304.8 |
| 110 2# - MAIN ENTRY--CORPORATE NAME | |
| 9 (RLIN) | 4900 |
| Corporate name or jurisdiction name as entry element | Centro de Estudios Legales y Sociales. |
| 245 10 - TITLE STATEMENT | |
| Title | Migrantes = |
| Remainder of title | Migration / |
| Statement of responsibility, etc | Centro de Estudios Legales y Sociales. |
| 260 ## - PUBLICATION, DISTRIBUTION, ETC. (IMPRINT) | |
| Place of publication, distribution, etc | Buenos Aires : |
| Name of publisher, distributor, etc | CELS, |
| Date of publication, distribution, etc | 2013. |
| 300 ## - PHYSICAL DESCRIPTION | |
| Extent | 83 p. : |
| Other physical details | il. |
| 500 ## - GENERAL NOTE | |
| General note | Traducción: Paula Arturo |
| 505 2# - FORMATTED CONTENTS NOTE | |
| Formatted contents note | 1. La inmigración en Argentina -- 2. Nueva ley de migraciones -- 3. El CELS y la problemática inmigratoria. |
| 650 17 - SUBJECT ADDED ENTRY--TOPICAL TERM | |
| 9 (RLIN) | 4072 |
| Topical term or geographic name as entry element | MIGRACION |
| Source of heading or term | unescot |
| 650 17 - SUBJECT ADDED ENTRY--TOPICAL TERM | |
| 9 (RLIN) | 1105 |
| Topical term or geographic name as entry element | DERECHOS HUMANOS |
| Source of heading or term | unescot |
| 651 #0 - SUBJECT ADDED ENTRY--GEOGRAPHIC NAME | |
| 9 (RLIN) | 326 |
| Geographic name | ARGENTINA |
| 942 ## - ADDED ENTRY ELEMENTS (KOHA) | |
| Source of classification or shelving scheme | Dewey Decimal Classification |
| Item type | Libro, folleto, traducción |
| 980 ## - EQUIVALENCE OR CROSS-REFERENCE-SERIES STATEMENT--PERSONAL NAME/TITLE [LOCAL, CANADA] | |
| Linkage | 21568 |
| Personal name | Nuñez |
| Field link and sequence number | 2 |
| Miscellaneous information | Virginia Figueroa |
| Withdrawn status | Lost status | Source of classification or shelving scheme | Damaged status | Not for loan | Home library | Current library | Date acquired | Full call number | Barcode | Date last seen | Price effective from | Koha item type |
|---|---|---|---|---|---|---|---|---|---|---|---|---|
| Dewey Decimal Classification | Biblioteca Central | Biblioteca Central | 11/09/2023 | Folleto 154 | UNAJ23090050 | 17/03/2025 | 11/09/2023 | Libro, folleto, traducción |